| 000 | 01194nam a22003377a 4500 | ||
|---|---|---|---|
| 003 | CHAP | ||
| 005 | 20220329141754.0 | ||
| 008 | 971013s1982 r 00010 d | ||
| 010 | _a73581 | ||
| 011 | _a74553 | ||
| 035 | _a84112 | ||
| 040 | _cCHAP | ||
| 090 | _aTesis | ||
| 100 | 0 | 0 |
_aAlcaraz Rodríguez, Rafael Eduardo. _93576 |
| 245 | _aEfecto del bicarbonato de sodio (NaHCO3) sobre el porcentaje de grasa en la leche al adicionarlo a la alimentación de vacas Holstein | ||
| 260 |
_a(Monterrey, N. L.) : _bEl autor, _c1982 |
||
| 300 | _a85 h. | ||
| 502 | _aTesis (Ing. Agr. Zootecnista) -- ITESM. Div. de Ciencias Agropecuarias y Marítimas | ||
| 590 |
_aALEPH _b10 _c20130110 _lUCH01 _h1416 |
||
| 590 |
_aBATCH-UPD _b10 _c20130110 _lUCH01 _h0719 |
||
| 590 |
_aBATCH-UPD _b10 _c20130410 _lUCH01 _h0404 |
||
| 590 |
_aBATCH-UPD _b10 _c20130913 _lUCH01 _h2351 |
||
| 590 |
_aCONVERSION _b10 _c20130109 _lUCH01 _h1340 |
||
| 650 | 1 | 4 |
_aBicarbonato de sodio en nutrición animal. _912604 |
| 650 | 1 | 4 |
_aGanado Holstein. _945133 |
| 650 | 1 | 4 |
_aGanado vacuno _xAlimentación. _945429 |
| 650 | 1 | 4 |
_aLeche _xGrasas. _965375 |
| 901 | _aBK | ||
| 942 | _cTESIS | ||
| 949 |
_bBC _cTES _d-39259 _eTS1 _i84112 _si |
||
| 999 |
_c73581 _d73581 |
||